Nové trendy v cestovnom ruchu vo svete a na Slovensku bakalárska práca

Enregistré dans:
Détails bibliographiques
Auteur principal: Pavlisová, Katarína
Collectivité auteur: Obchodná fakulta EU. Katedra služieb a cestovného ruchu - zrušené
Autres auteurs: Veszprémi Sirotková, Anna, 1966-
Format: Livre
Langue:slovaque
Publié: Bratislava 2009
Tags: Ajouter un tag
Pas de tags, Soyez le premier à ajouter un tag!

MARC

LEADER 00000nam$a2200000$$$4500
001 0102829
005 20240318140238.4
041 0 |a slo 
044 |a SK 
245 1 0 |a Nové trendy v cestovnom ruchu vo svete a na Slovensku  |b bakalárska práca  |c Katarína Pavlisová ; škol. Anna Sirotková 
264 1 |a Bratislava  |c 2009 
300 |a 62 s. 
100 1 |a Pavlisová, Katarína 
700 1 |a Veszprémi Sirotková, Anna, 1966- 
710 2 |a Obchodná fakulta EU. Katedra služieb a cestovného ruchu - zrušené